| 000 | 00464 a2200169 4500 | ||
|---|---|---|---|
| 003 | OSt | ||
| 005 | 20180116182926.0 | ||
| 008 | 160616b xxu||||| |||| 00| 0 eng d | ||
| 040 | _c0 | ||
| 082 | _a330 ADD 2006 | ||
| 100 | _aAdda,Jerome. | ||
| 245 |
_aDynamic Economics. _bQuantitative Methods and Applications. _cJerome Adda. _hRussell Cooper. |
||
| 260 |
_aphoto copy. _c2006 |
||
| 300 |
_a330 p. _bHB |
||
| 500 | _aHard cover. | ||
| 942 |
_aNBS _cBK _k330 ADD _2ddc |
||
| 999 |
_c348632 _d348632 |
||